000 00420nam a2200169Ia 4500
001 19635
003 IN-NITTTR
005 20251114233226.0
008 251113s9999||||xx |||||||||||||| ||eng||
040 _beng
040 _cIN-NITTTR
041 _aeng
082 _a004.36 C1I
100 _aCrichlov, Joel M.
245 3 _aAn introduction to distributed and parallel computing /
_cCrichlov, Joel M.
942 _2ddc
_cBK
999 _c22269
_d22269